Obras completas / (Record no. 150769)

MARC details
000 -LEADER
campo de control de longitud fija 01099nam a2200241 i 4500
001 - NÚMERO DE CONTROL
campo de control 150769
003 - IDENTIFICADOR DE NÚMERO DE CONTROL
campo de control ES-MaACL
005 - FECHA Y HORA DE LA ÚLTIMA TRANSACCIÓN
campo de control 20231229063045.0
007 - CAMPO FIJO DE DESCRIPCIÓN FÍSICA--INFORMACIÓN GENERAL
campo de control de longitud fija t|
008 - DATOS DE LONGITUD FIJA--INFORMACIÓN GENERAL
campo de control de longitud fija 071108m20069999sp ||||0| spa d ..|
015 ## - NÚMERO DE BIBLIOGRAFÍA NACIONAL
Número de bibliografía nacional MON0702-11315
020 ## - NÚMERO INTERNACIONAL ESTÁNDAR DEL LIBRO
Número Internacional Estándar del Libro 84-8344-042-3
040 ## - FUENTE DE CATALOGACIÓN
Centro catalogador/agencia de origen M-BN
Lengua de catalogación spa
Centro/agencia transcriptor M-BN
080 ## - NÚMERO DE LA CLASIFICACIÓN DECIMAL UNIVERSAL
Número de la Clasificación Decimal Universal 821.134.2-92"18"
100 1# - ENTRADA PRINCIPAL--NOMBRE DE PERSONA
Nombre de persona Revilla, Manuel de la,
Fechas asociadas al nombre 1846-1881
9 (RLIN) 96432
245 10 - MENCIÓN DEL TÍTULO
Título Obras completas /
Mención de responsabilidad, etc. Manuel de la Revilla ; estudio introductorio, edición y notas Fernando Hermida ... [et al.].
260 ## - PUBLICACIÓN, DISTRIBUCIÓN, ETC.
Lugar de publicación, distribución, etc. Madrid :
Nombre del editor, distribuidor, etc. UAM Ediciones,
Fecha de publicación, distribución, etc. [2006]
300 ## - DESCRIPCIÓN FÍSICA
Extensión v. <1-3> ;
Dimensiones 25 cm.
505 8# - NOTA DE CONTENIDO CON FORMATO
Nota de contenido con formato Contiene: t. 1. Biografía, estudio introductorio, manuscritos -- t. 2. Artículos de: El Espíritu, El Museo Universal, Boletín Revista de la Universidad de Madrid, La República Ibérica, La Justicia Social, El Pueblo y Revista de España -- t. 3. Artículos de: La Ilustración Española y Americana, El Imparcial, La Crítica y Revista Europea
700 1# - ENTRADA AGREGADA--NOMBRE PERSONAL
Nombre de persona Hermida de Blas, Fernando.
9 (RLIN) 62756
852 ## - LOCALIZACIÓN
Ubicación ES-MaACL
Número de control de estantería P-1995
Sublocalización o colección R.142260
Holdings
Estatus retirado Estado de pérdida Estado de daño No para préstamo Biblioteca de origen Biblioteca actual Ubicación en estantería Fecha de adquisición Fuente de adquisición Total de préstamos Signatura topográfica completa Código de barras Visto por última vez Precio de reemplazo Tipo de ítem Koha
        Biblioteca del Ateneo de Madrid Biblioteca del Ateneo de Madrid Depósito 2 17/01/2008     P-1995 1157319 23/02/2023 23/02/2023 Libro impreso